[Event "Tatry Open 2018"]
[Site "Tatranska Lomnica"]
[Date "2018.10.03"]
[Round "5"]
[White "Ruckschloss, Karol"]
[Black "Starychfojtu, Josef"]
[Result "1/2-1/2"]
[WhiteElo "2253"]
[BlackElo "1770"]
[Annotator "TA"]
[PlyCount "90"]
[EventDate "2018.09.30"]
[EventType "swiss"]
[EventCountry "SVK"]
[SourceTitle "playchess.com"]
[Source "ChessBase"]
[SourceQuality "1"]

{[%evp 13,90,0,0,-35,-5,-22,52,22,39,45,33,33,33,41,40,40,36,41,76,86,90,65,119,102,126,130,125,130,168,134,134,79,73,62,75,22,30,0,62,66,43,47,126,125,119,119,122,120,176,175,183,174,160,155,180,117,125,72,75,90,74,84,93,72,58,62,81,81,73,12,12,10,12,0,0,0,38,0,0]} 1. c4 e5 2. Nc3 {[%cal Bb1c3,Bc3d5,Bd5f4][%mdl 32]} Nc6 3. g3 g6 4. Bg2 Bg7 5. e3 d6 6. Nge2 Be6 7. Nd5 Qd7 {LiveBook: 21 Games} 8. d4 {A25: English Opening vs King's Indian with ...Nc6 but without early d3} exd4 $146 ({Predecessor:} 8... Nd8 9. e4 c6 10. Ne3 Ne7 11. d5 Bh3 12. O-O Bxg2 13. Kxg2 f5 14. f4 O-O 15. fxe5 Bxe5 {½-½ (72) Petre,N (2371)-Gazik,V (2204) Vaujany 2014}) 9. exd4 Nd8 (9... Bxd5 $11 10. cxd5 Nce7) 10. b3 {White is slightly better.} c6 11. Ndf4 Ne7 12. Bb2 d5 13. Rc1 O-O 14. O-O Bg4 15. h3 {[%cal Bh2h3,Bh3h4,Bh4g5][%mdl 32]} Bf5 16. g4 Be6 17. Rc2 f5 (17... g5 $14) 18. g5 $16 h6 19. h4 hxg5 20. hxg5 Nf7 21. Nxe6 Qxe6 22. Bc1 (22. Nf4 $142 Qd6 23. Qc1) 22... Rae8 23. Qd3 Qd7 24. Bf4 (24. Rd1 $16) 24... Nd8 $11 25. Be5 dxc4 (25... Bxe5 $11 26. dxe5 Ne6) 26. Qxc4+ $14 Nd5 27. Nf4 Bxe5 (27... Ne6 $14 28. Nxd5 (28. Nxg6 Rf7 $16) 28... Bxe5) 28. dxe5 $16 {[%cal Rg2d5]} ({Don't take} 28. Nxd5 $6 cxd5 29. Qxd5+ (29. Bxd5+ Nf7 $11) 29... Qxd5 $14) 28... Kg7 29. Qd4 $36 {[%mdl 2048] White is really pushing.} Ne6 30. Nxe6+ Qxe6 (30... Rxe6 $16 31. Rd1 f4) 31. Bxd5 $18 ({Much weaker is} 31. Qxa7 Qxe5 32. Rd1 (32. Qxb7+ Re7 $17) 32... Rf7 $11) 31... Qxd5 32. Qxd5 cxd5 $16 {[%mdl 4096] Endgame KRR-KRR} 33. f4 Rf7 34. Rd1 (34. Rfc1 $18) 34... Rd7 35. Rcd2 ({White should play} 35. Kf2) 35... Red8 36. Kf2 Kf7 37. Rh1 Ke6 38. Rh6 Rg7 39. Ke3 {Rc2 is the strong threat.} Rc8 40. Kd3 Rc1 41. Rc2 ({Better is} 41. Ke2 $16) 41... Rd1+ $11 42. Ke2 Rd4 $1 {[%cal Rd4f4]} 43. Kf3 Rd3+ 44. Ke2 Rd4 45. Kf3 Rd3+ {Precision: White = 54%, Black = 55%.} 1/2-1/2

[Event "Tatry Open 2018"]
[Site "Tatranska Lomnica"]
[Date "2018.10.03"]
[Round "5"]
[White "Matras, Ondrej"]
[Black "Gresova, Zuzana"]
[Result "1-0"]
[WhiteElo "2224"]
[BlackElo "1901"]
[Annotator "TA"]
[PlyCount "77"]
[EventDate "2018.09.30"]
[EventType "swiss"]
[EventCountry "SVK"]
[SourceTitle "playchess.com"]
[Source "ChessBase"]
[SourceQuality "1"]

{[%evp 24,77,65,67,65,65,145,158,154,163,147,72,181,177,214,222,223,148,140,117,113,62,109,119,114,93,102,101,91,72,85,66,176,126,112,100,161,75,81,77,84,89,104,83,149,84,121,77,86,95,91,64,276,208,903,887]} 1. d4 d5 2. c4 c6 3. Nf3 Nf6 4. Nc3 e6 5. Bg5 dxc4 6. e4 b5 7. e5 h6 8. Bh4 g5 9. Nxg5 hxg5 10. Bxg5 Nbd7 11. exf6 Qc7 12. g3 Bb7 13. Bg2 {LiveBook: 39 Games} O-O-O {D44: Semi-Slav: Botvinnik System} 14. O-O a6 (14... Bh6 $14 15. f4 Nc5) 15. Qe2 $16 Nb6 $146 {White is clearly better.} ({Predecessor:} 15... Bh6 16. Bxh6 Rxh6 17. a4 Nxf6 18. Rfd1 Rdh8 19. h4 Rg8 20. Rac1 Nh5 21. Ne4 {1-0 (36) Maslennikov,A-Vasiliev,D RCCA corr 2002}) 16. Bf4 Bd6 17. Be5 (17. Bxd6 $142 Rxd6 18. Rad1) 17... c5 (17... Bxe5 $16 18. dxe5 b4) 18. Bxd6 Qxd6 {[#]} 19. Bxb7+ $1 Kxb7 20. dxc5 Qxc5 21. Rad1 Qf5 22. Qe4+ ({White should try} 22. Ne4 $16) 22... Qxe4 23. Nxe4 Nd5 24. Rfe1 Rh6 25. h4 Kc7 26. Kg2 Rg8 {Black wants to play ...Rxh4.} 27. Rh1 Nb4 (27... Nxf6 $14 28. Nxf6 Rxf6) 28. a3 Nd5 29. Rd2 Rgg6 (29... Nxf6 $16 {keeps fighting.} 30. Nxf6 Rxf6) 30. Kf3 (30. f3 $18) 30... Nxf6 31. Nxf6 Rxf6+ {[%mdl 4096] Endgame KRR-KRR} 32. Kg2 Rfg6 33. Kh3 f5 (33... e5 $142) 34. Rhd1 ({White should play} 34. Rc1) 34... e5 35. Rd7+ Kc6 36. Rf7 Rh5 37. Rd8 a5 $2 {[#]} ({Better is} 37... e4 $14) 38. Ra8 b4 $2 (38... Kd5 39. Rxa5 Rb6) 39. Ra6+ {Precision: White = 38%, Black = 28%.} 1-0

[Event "Tatry Open 2018"]
[Site "Tatranska Lomnica"]
[Date "2018.10.03"]
[Round "5"]
[White "Kostolansky, Sebastian Lukas"]
[Black "Kolesar, Milan"]
[Result "0-1"]
[WhiteElo "2209"]
[BlackElo "2133"]
[Annotator "TA"]
[PlyCount "62"]
[EventDate "2018.09.30"]
[EventType "swiss"]
[EventCountry "SVK"]
[SourceTitle "playchess.com"]
[Source "ChessBase"]
[SourceQuality "1"]

{[%evp 24,62,9,0,0,0,30,0,0,0,0,0,0,-23,-22,-26,-13,-498,-521,-521,-516,-498,-491,-5257,-5257,-5257,-2129,-3129,-2950,-2782,-2778,-2614,-1880,-2247,-2153,-2191,-2197,-29987,-29987,-29986,-1622]} 1. e4 c5 2. Nf3 d6 3. d4 cxd4 4. Nxd4 Nf6 5. Nc3 Nc6 6. Bg5 e6 7. Qd2 a6 8. O-O-O h6 9. Bxf6 Qxf6 10. Nxc6 bxc6 11. f4 {B66: Sicilian: Richter-Rauzer: 7...a6 8 0-0-0 h6} (11. h4 Qd8 12. Bc4 Be7 13. Bb3 Bb7 14. f4 Qc7 15. f5 exf5 16. Rdf1 O-O 17. exf5 {½-½ (17) Winckelmann,T (2584)-Karacsony,Z (2585) ICCF email 2010}) 11... Qd8 12. Kb1 Be7 13. Bc4 {LiveBook: 3 Games. The position is equal.} Rb8 14. Bb3 d5 15. f5 $146 ({Predecessor:} 15. g4 O-O 16. h3 Bb7 17. h4 Bb4 18. f5 exf5 {0-1 (35) Pepe,M-Censi,M ASIGC email 1999}) 15... O-O 16. Qe2 Bf6 17. fxe6 fxe6 18. exd5 exd5 19. Ne4 Be7 20. c4 $2 {[%mdl 8192] [#]} (20. Ng3 $11 {and White stays safe.}) 20... Rxb3 $19 21. axb3 Bf5 22. cxd5 cxd5 23. Qxa6 (23. Rd4 $142 Bf6 24. Ra4) 23... Bxe4+ 24. Ka2 {[#]} Qa8 (24... Qb6 $142 $1 {[%mdl 512]} 25. Qa4 (25. Qxb6 Ra8+) 25... Qb7) 25. Qa4 Qb7 26. Rd4 Ra8 27. Qxa8+ Qxa8+ 28. Ra4 Qb8 29. Rc1 Bf6 30. g3 Qe5 {[%csl Gf6][%cal Re5b2]} 31. Rc3 Qf5 {Precision: White = 51%, Black = 83%.} (31... d4 $142 32. Rc8+ Kf7 33. Ka3 d3 34. Rxe4 Qd6+ 35. Ka4 d2 36. Rec4 Qa6+ 37. Kb4 d1=Q 38. R8c7+ Kg6 39. R7c5 Qb6+ 40. Rb5 Qe1+ 41. Ka3 Qa1+ 42. Kb4 Qaa5#) 0-1

[Event "Tatry Open 2018"]
[Site "Tatranska Lomnica"]
[Date "2018.10.03"]
[Round "5"]
[White "Skreno, Vladimir"]
[Black "Berezjuk, Sergej"]
[Result "0-1"]
[WhiteElo "2160"]
[BlackElo "2427"]
[Annotator "TA"]
[PlyCount "54"]
[EventDate "2018.09.30"]
[EventType "swiss"]
[EventCountry "SVK"]
[SourceTitle "playchess.com"]
[Source "ChessBase"]
[SourceQuality "1"]

{[%evp 9,54,-30,-41,-46,-51,-63,-43,-48,-60,-56,76,87,95,80,89,87,76,70,87,-118,-101,-110,-49,-79,-94,-86,-31,-35,-26,-124,-106,-220,-229,-249,-249,-418,-206,-494,-487,-1109,-1106,-1060,-1051,-2680,-2671,-1902,-1252]} 1. d4 Nf6 2. Nf3 d5 3. c4 e6 4. a3 c6 (4... Be7 5. Bg5 h6 6. Bh4 O-O 7. e3 b6 8. Be2 Bb7 9. O-O {½-½ (9) Idani,P (2563)-Lorparizangeneh,S (2519) Moscow 2017}) 5. Bg5 dxc4 {[#]} 6. e4 $1 {[%mdl 512] D30: Queen's Gambit Declined: Systems without Nc3} b5 $1 (6... Nxe4 7. Bxd8) 7. Nc3 Be7 8. a4 {Black is slightly better.} b4 9. Bxf6 bxc3 $146 (9... Bxf6 $15 {keeps the upper hand.} 10. Na2 a5) ({Predecessor:} 9... Bxf6 10. Na2 c5 11. e5 Be7 12. Bxc4 cxd4 13. Bb5+ {½-½ (42) Tomac,V-Renka,S (1771) Rijeka/Pula 2009}) 10. Bxe7 $16 Qa5 11. b4 cxb3 12. Qxb3 Kxe7 13. Qa3+ c5 14. Qxc5+ $2 (14. Bb5 $16 {is necessary to keep the advantage.} Qb4 15. Qc1) 14... Qxc5 $17 15. dxc5 {[#]} Bd7 (15... Bb7 $1 $17 16. Rc1 Nd7 17. Rxc3 Rac8) 16. Nd4 Rc8 17. Nb3 Bc6 (17... Nc6 $17 {Strongly threatening ...Rab8.} 18. Rc1 Rab8 19. Rxc3 Rb4) 18. f3 $1 $15 Nd7 $36 {[%mdl 2048] ...Rab8 is the strong threat. Black has good play.} 19. Ba6 (19. Kd1 $1 $11) 19... Rc7 $17 {White must now prevent ...Rb8.} 20. Bd3 (20. Bb5 $17) 20... Rb8 $19 21. Bc2 {[#]} Rb4 $1 22. Nc1 $2 (22. Ke2) 22... Nxc5 (22... Rb2 $142 23. Ra2 Nxc5 24. Rxb2 cxb2) 23. a5 $2 (23. Ra3) 23... Rb2 {Black is clearly winning.} 24. Nd3 (24. Ra2 $142) 24... Rxc2 25. Nxc5 Bb5 26. Nb3 Rd7 {( -> ...Re2+)} 27. Nc1 Rcd2 {Precision: White = 24%, Black = 52%.} 0-1

[Event "Tatry Open 2018"]
[Site "Tatranska Lomnica"]
[Date "2018.10.03"]
[Round "5"]
[White "Splichal, Stanislav"]
[Black "Hanzluvka, Peter"]
[Result "1-0"]
[WhiteElo "2154"]
[BlackElo "1880"]
[Annotator "TA"]
[PlyCount "87"]
[EventDate "2018.09.30"]
[EventType "swiss"]
[EventCountry "SVK"]
[SourceTitle "playchess.com"]
[Source "ChessBase"]
[SourceQuality "1"]

{[%evp 19,87,20,18,10,8,-8,8,7,27,30,20,27,30,14,53,16,14,13,30,1,18,0,0,0,0,-42,93,106,127,86,73,75,52,66,54,52,152,157,254,231,360,364,416,377,562,267,274,270,361,360,368,366,361,348,439,438,432,432,420,416,466,351,470,453,410,388,29989,29990,29990,29990]} 1. d4 d5 2. c4 c6 3. Nf3 Nf6 4. Nc3 e6 5. Bg5 Nbd7 6. e3 Be7 7. cxd5 Nxd5 8. Bxe7 Qxe7 9. e4 {D53: Queen's Gambit Declined: 4 Bg5 Be7: Early deviations} (9. Qc2 N5f6 10. Bd3 e5 11. O-O O-O 12. Rfe1 exd4 13. exd4 Qd6 14. Rad1 Rd8 15. Ng5 Nf8 16. Bc4 Nd5 {1-0 (52) Bu,X (2714)-Gurevich,M (2634) Beijing 2008}) 9... Nxc3 10. bxc3 c5 {LiveBook: 3 Games} 11. Qd2 {The position is equal.} O-O $146 ({Predecessor:} 11... b6 12. Bd3 Bb7 13. O-O O-O 14. Rfe1 cxd4 15. cxd4 Nf6 16. Rad1 {0-1 (43) Belmonte,D (2200)-Le Masson,I Rio de Janeiro 1998}) 12. Bc4 Nb6 13. Bb3 cxd4 14. cxd4 Rd8 15. O-O Bd7 16. Rac1 Bc6 17. Qf4 Qd6 18. Qe3 Rac8 19. Rfd1 h6 20. Ne5 Be8 21. Rxc8 Rxc8 22. f4 f6 (22... a5 $15 {stays ahead.} 23. Re1 a4) 23. Qh3 $16 Kf8 24. Qxe6 Qxe6 25. Bxe6 Rc3 26. Nf3 Ke7 27. Bb3 a5 (27... Ba4 $14) 28. d5 {[%cal Bd4d5,Bd5d6][%mdl 32]} a4 (28... Ba4 $16 {might work better.}) 29. d6+ $18 Kd7 (29... Kf8 $142) 30. Bg8 Bg6 31. e5 Bf5 (31... Rd3 $142 32. Rc1 Nd5 33. Bxd5 Rxd5 34. Rc7+ Ke8 35. Rxg7 Be4 36. Re7+ (36. exf6 Bxf3 37. gxf3 Rxd6 $16) 36... Kf8) 32. Rd4 (32. Nd4 $142 Rd3 33. e6+ Ke8 34. Bf7+ Kf8 35. Re1 Bxe6 36. Bg6) 32... Rc8 33. Bf7 Rf8 34. Rb4 Rxf7 35. Rxb6 {[%mdl 4096] Endgame KRB-KRN} Be4 36. Nd4 fxe5 37. fxe5 Bd5 38. Rb5 Bxa2 39. Rxb7+ Ke8 40. Rb8+ Kd7 41. Rb4 a3 42. Ra4 Rf4 $2 {[#]} (42... Bd5 $18 43. Rxa3 Rf4) 43. Ra7+ Ke8 44. d7+ {Precision: White = 51%, Black = 31%.} 1-0

[Event "Tatry Open 2018"]
[Site "Tatranska Lomnica"]
[Date "2018.10.03"]
[Round "5"]
[White "Valenta, Vit"]
[Black "Zatko, Gregor"]
[Result "1/2-1/2"]
[WhiteElo "2147"]
[BlackElo "2194"]
[Annotator "TA"]
[PlyCount "85"]
[EventDate "2018.09.30"]
[EventType "swiss"]
[EventCountry "SVK"]
[SourceTitle "playchess.com"]
[Source "ChessBase"]
[SourceQuality "1"]

{[%evp 15,85,-25,-23,-43,-38,-43,-42,-66,0,0,0,0,0,-6,-14,-22,-17,-49,-48,-57,-65,-81,-50,-53,-9,-20,-14,-9,-14,-1,0,0,0,-3,0,0,0,0,0,-102,0,0,0,0,22,0,0,0,0,0,0,0,0,0,0,0,0,0,2,8,8,8,8,0,8,0,6,8,8,0,8,-1898]} 1. b4 e5 2. Bb2 Bxb4 3. Bxe5 Nf6 4. Nf3 d5 (4... O-O 5. e3 d5 6. Be2 c5 7. O-O Nc6 8. Bb2 d4 9. c3 dxc3 10. Nxc3 Bf5 11. Na4 b6 12. a3 Ba5 13. d4 cxd4 14. Nxd4 Nxd4 15. Bxd4 Rc8 16. Rc1 {0-1 (51) Bischoff,K (2504)-Meier,G (2644) Apolda 2017}) 5. g3 O-O 6. Bg2 {A00: Unregelmäßige Eröffnungen} c5 7. Bb2 Nc6 8. O-O Re8 {LiveBook: 3 Partien} 9. e3 Bg4 10. h3 Bh5 11. d3 Ba5 $146 (11... d4 $15 12. exd4 Nxd4) ({Vorgänger:} 11... d4 12. e4 {1-0 (37) Valenta,V (2085)-Brunova,B (1958) Olomouc 2018}) 12. Nbd2 $11 h6 13. Nb3 Bb6 14. c4 dxc4 15. dxc4 Qe7 16. Qc1 Rad8 17. Qc3 Bc7 18. Rad1 Bg6 19. a3 Qf8 20. Qc1 Ne4 21. Rxd8 Rxd8 22. Rd1 Qe7 23. Rxd8+ Nxd8 24. Nbd2 f6 25. Nh4 Bh7 26. Nxe4 Bxe4 27. Qd2 {[#]} (27. Qd1 $11 {bleibt in der Remisbreite.} Bxg2 28. Nxg2) 27... Bxg2 ({Besser ist} 27... Nf7 $1 $17) 28. Nxg2 {Die Stellung ist ausgeglichen.} b6 29. Qd5+ Nf7 30. Nh4 Qd6 31. Qa8+ Qd8 32. Qxd8+ Bxd8 {[%mdl 4096] Endspiel KLS-KLS} 33. Nf3 $1 Nd6 34. Nd2 Kf7 35. Kf1 a6 36. a4 b5 37. axb5 axb5 38. cxb5 Nxb5 39. Ke2 Ke6 40. Nc4 Bc7 41. Kd3 h5 {[%cal Bh6h5,Bh5g4][%mdl 32]} 42. g4 hxg4 43. Ke4 $2 {[%mdl 40960] Precision: Weiß = 68%, Schwarz = 52%. . An unexpected result.} (43. hxg4 $11 Na7 44. f4) 1/2-1/2

[Event "Tatry Open 2018"]
[Site "Tatranska Lomnica"]
[Date "2018.10.03"]
[Round "5"]
[White "Czajkowski, Ryszard"]
[Black "Vyskocil, Neklan"]
[Result "0-1"]
[WhiteElo "2032"]
[BlackElo "2315"]
[Annotator "TA"]
[PlyCount "74"]
[EventDate "2018.09.30"]
[EventType "swiss"]
[EventCountry "SVK"]
[SourceTitle "playchess.com"]
[Source "ChessBase"]
[SourceQuality "1"]

{[%evp 14,74,-25,-42,-26,-31,-13,-20,-12,-80,-62,-100,-95,-129,-123,-109,-85,-100,-58,-79,-92,-103,-97,-153,-149,-162,-138,-154,-161,-144,-120,-123,-118,-165,-149,-156,-150,-152,-143,-201,-194,-198,-219,-208,-198,-210,-205,-214,-197,-266,-253,-537,-537,-531,-536,-649,-645,-640,-638,-627,-610,-691,-618]} 1. d4 Nf6 2. c4 e6 3. Nc3 Bb4 4. e3 O-O 5. Nge2 Re8 6. a3 Bf8 7. g3 d5 {E46: Nimzo-Indian: Rubinstein: 4 e3 0-0 5 Ne2 without early Bd3} 8. b3 {LiveBook: 5 Games} (8. cxd5 exd5 9. Bg2 a5 10. O-O Na6 11. Nf4 c6 12. f3 c5 13. Kh1 Nc7 14. g4 h6 15. Nce2 {0-1 (54) Nakamura,H (2787)-Carlsen,M (2853) chess.com INT 2016}) 8... dxc4 9. bxc4 c5 {Black is slightly better.} 10. Bg2 Nc6 {[%cal Bb8c6,Bc6a5,Ba5c4][%mdl 32]} 11. Rb1 $146 (11. O-O $11 {keeps the balance.}) ({Predecessor:} 11. O-O Na5 12. Qd3 cxd4 13. exd4 Bd7 14. Rd1 Rc8 15. c5 {0-1 (41) Erdogan,H (2282)-Aroshidze,L (2545) Kocaeli 2008}) 11... Na5 12. Qd3 Nd7 13. f4 Nb6 14. Ne4 Naxc4 15. O-O f5 16. Ng5 h6 17. Nf3 Bd7 18. h3 ({White should try} 18. Ne5 Nxe5 19. fxe5) 18... Bc6 $36 {[%mdl 2048] White is under strong pressure.} 19. Ne5 Nxe5 20. fxe5 Bxg2 21. Kxg2 Rc8 22. g4 Qd5+ 23. Kh2 Qe4 24. Qxe4 fxe4 25. Ng3 Red8 26. Bb2 {[#]} (26. Rd1 $17) 26... Nc4 $1 $19 {Strongly threatening ...cxd4.} 27. Nxe4 Nxe3 28. Rfc1 {[%cal Rd4c5]} b6 ({Much less strong is} 28... cxd4 29. Rxc8 Rxc8 30. Bxd4 $17) 29. dxc5 Bxc5 ({Don't play} 29... bxc5 30. Bc3) 30. Nd6 Rc7 31. Re1 (31. a4 $142) 31... Nd5 32. Rbd1 $2 (32. Nb5 Rf7 33. Bd4) 32... Bxd6 {Black is clearly winning.} 33. exd6 Rc2+ 34. Kg3 Rxb2 35. Rxe6 Rb3+ 36. Kh2 {[#]} Rxh3+ $1 {[%mdl 512]} 37. Kg1 (37. Kxh3 Nf4+) 37... Re3 {Precision: White = 37%, Black = 89%.} 0-1

[Event "Tatry Open 2018"]
[Site "Tatranska Lomnica"]
[Date "2018.10.03"]
[Round "5"]
[White "Hronik, Petr"]
[Black "Kostelny, Jozef"]
[Result "1/2-1/2"]
[WhiteElo "1899"]
[BlackElo "2193"]
[Annotator "TA"]
[PlyCount "140"]
[EventDate "2018.09.30"]
[EventType "swiss"]
[EventCountry "SVK"]
[SourceTitle "playchess.com"]
[Source "ChessBase"]
[SourceQuality "1"]

{[%evp 18,140,29,18,27,21,39,33,37,14,20,20,33,18,25,29,29,22,10,13,28,9,12,14,161,0,53,0,0,0,91,96,80,89,175,141,132,127,150,114,223,143,203,81,152,106,153,81,59,36,36,36,45,36,54,36,36,36,36,36,74,76,98,100,131,57,67,45,93,0,0,0,64,66,57,65,74,73,119,102,505,420,416,409,380,356,350,269,267,245,243,216,840,0,0,-317,-317,-317,-245,-245,0,0,0,0,0,0,0,0,0,0,0,0,0,0,0,0,0,0,0,0,0,0,0,0,0]} 1. d4 Nf6 2. c3 b6 3. Bf4 Bb7 4. e3 g6 5. Nf3 Bg7 6. Nbd2 d6 7. h3 Nbd7 8. Be2 O-O 9. O-O c5 10. a4 {LiveBook: 227 Games} h6 {A48: 1 d4 Nf6 2 Nf3 g6: Torre, London and Colle Systems} (10... a6 11. Bd3 cxd4 12. exd4 e5 13. dxe5 dxe5 14. Bxe5 Nxe5 15. Nxe5 Nh5 16. Ndf3 Bxe5 17. Nxe5 Bxg2 18. Bxg6 Nf4 19. Bxf7+ Rxf7 20. Nxf7 Kxf7 21. Qxd8 Rxd8 {0-1 (50) Karjakin,S (2773)-Grischuk,A (2766) Saint Louis 2018}) 11. Bh2 Re8 12. Qb3 $146 ({Predecessor:} 12. Nc4 a6 13. b4 cxb4 14. cxb4 Rc8 15. Rc1 Bd5 16. Ncd2 Rxc1 17. Qxc1 Qa8 18. Qa3 {½-½ (34) Bauer,B (2123)-Kahe,R (2205) Blankenburg 2013}) 12... Qc8 {White is slightly better.} 13. Bc4 d5 $1 {[%cal Rd5c4]} 14. Be2 e6 15. Rfc1 c4 16. Qc2 a6 17. Ne5 Nxe5 18. Bxe5 Qd7 19. b4 Qd8 20. Bf3 $36 {[%mdl 2048] Hoping for Nxc4! Black is under pressure.} Bf8 {[#]} (20... Rc8 $11) 21. a5 $2 (21. Nxc4 $1 $18 {[%mdl 512]} Nd7 (21... dxc4 22. Bxb7) 22. Bh2) 21... Nd7 (21... b5 $11) 22. Bh2 (22. Nxc4 $1 $14 b5 23. Nb6) 22... e5 23. dxe5 Nxe5 (23... b5 $1 $11) 24. Bxe5 $16 Rxe5 {[#]} 25. Nxc4 $1 {[%mdl 512]} Rf5 (25... dxc4 $16 {was called for.} 26. Bxb7 Ra7) 26. Nxb6 Rxf3 27. gxf3 Qg5+ 28. Kf1 Rd8 (28... Re8 $16) 29. Rd1 Qh5 (29... Bc6 $16 {is a better defense.}) 30. Ke1 (30. e4 $18 {has better winning chances.}) 30... Bg7 (30... Qxf3 $142 31. Qe2 Qxh3) 31. Kd2 Qxh3 32. Kc1 ({White should try} 32. f4) 32... Qxf3 33. Na4 {[%cal Bb6a4,Ba4c5,Bc5b3,Bb3d4][%mdl 32]} Bc6 34. Nc5 Bb5 35. Kb2 h5 36. Nb3 Bc4 37. Nd4 Qf6 38. Rh1 Rb8 39. Rag1 Kf8 40. f4 {f5 is the strong threat.} Re8 41. Rh3 (41. Qd2 $16) 41... Qd6 $14 42. Rd1 $1 Re4 43. Ka3 ({White should play} 43. f5 $16) 43... Qe7 $11 44. f5 (44. Qf2 {is interesting.} Bf6 45. Rg1 Bb5 46. f5 Qc7 47. Kb2) 44... Rxe3 (44... g5 $1 $11) 45. Rxe3 $14 Qxe3 46. fxg6 fxg6 47. Qd2 Bxd4 48. Qxd4 $16 {[%mdl 4096] Endgame KQR-KQB} Qe2 $2 {[%mdl 8192]} (48... Qxd4 $16 {is tougher.} 49. Rxd4 Ke7) 49. Rd2 $18 Qe1 50. Rf2+ ({Don't take} 50. Qf6+ Ke8 $18) 50... Kg8 {( -> ...Qa1+)} 51. Kb2 Qe6 52. Qf6 Qxf6 53. Rxf6 {KR-KB} Kg7 54. Rf4 g5 $2 {[#]} (54... Bb5 55. Kc2 Bc6) 55. Rd4 $2 (55. Rxc4 $1 $18 {[%mdl 512]} dxc4 56. b5 $1 {[%mdl 512]}) 55... g4 {[%cal Bg5g4,Bg4g3][%mdl 32] aiming for ...g3.} 56. Kc2 $2 {[%mdl 8192]} (56. b5 $1 $11 {and White stays safe.} Bxb5 57. Rxd5) 56... g3 $19 57. Rd1 Kf6 58. Kd2 {[#] Strongly threatening Ke3.} Kf5 $2 (58... d4 $1 $19 {White must now prevent ...h4.} 59. cxd4 Bd5) 59. Ke3 $11 {The position is equal.} Kg4 60. Rd4+ Kh3 61. Rd1 Kh2 62. Kf3 h4 (62... g2 $5 63. Kf2 $8 h4 $11) 63. Rd2+ Kh3 64. Rd1 {[%cal Rd1h1]} Kh2 65. Rd2+ Kh3 (65... Kg1 $5) 66. Rd1 {[%cal Rd1h1]} g2 67. Kf2 {Threatens to win with Rg1.} Kh2 68. Rg1 h3 69. Rd1 Bb5 70. Re1 Bc4 {Precision: White = 51%, Black = 33%.} 1/2-1/2

[Event "Tatry Open 2018"]
[Site "Tatranska Lomnica"]
[Date "2018.10.03"]
[Round "5"]
[White "Stanko, Ivan"]
[Black "Franzen, Jozef"]
[Result "0-1"]
[WhiteElo "1881"]
[BlackElo "2254"]
[Annotator "RC"]
[PlyCount "102"]
[EventDate "2018.09.30"]
[EventType "swiss"]
[EventCountry "SVK"]
[SourceTitle "playchess.com"]
[Source "ChessBase"]
[SourceQuality "1"]
[TimeControl "40/5400+30:1800+30"]

1. e4 {[%emt 0:00:23]} g6 {[%emt 0:00:00]} 2. d4 {[%emt 0:00:45]} Bg7 {[%emt 0:00:00]} 3. Be3 {[%emt 0:01:52]} d6 {[%emt 0:00:04]} 4. f3 {[%emt 0:02:36]} c5 {[%emt 0:00:48]} 5. c3 {[%emt 0:02:12]} Nd7 {[%emt 0:00:27]} 6. Bb5 {[%emt 0:02:54]} Qc7 {[%emt 0:01:36]} 7. Ne2 {[%emt 0:01:36]} a6 {[%emt 0:00:41]} 8. Bd3 {[%emt 0:04:07]} b6 {[%emt 0:01:14]} 9. O-O {[%emt 0:01:53]} Bb7 {[%emt 0:00:33]} 10. Nd2 {[%emt 0:00:55]} e6 {[%emt 0:01:31]} 11. a4 {[%emt 0:02:24]} Ngf6 {[%emt 0:00:38]} 12. Ng3 {[%emt 0:05:29]} O-O {[%emt 0:00:58]} 13. Re1 {[%emt 0:03:18]} Kh8 {[%emt 0:02:48]} 14. Qe2 {[%emt 0:06:49]} Ng8 {[%emt 0:01:35]} 15. f4 {[%emt 0:02:28]} f5 {[%emt 0:05:48]} 16. Nf3 {[%emt 0:05:27]} a5 {[%emt 0:11:54]} 17. Qd2 {[%emt 0:05:37]} Ngf6 {[%emt 0:01:11]} 18. e5 {[%emt 0:05:58]} Ng4 {[%emt 0:00:43]} 19. Ng5 {[%emt 0:02:10]} Rae8 {[%emt 0:01:44]} 20. Bb5 {[%emt 0:00:53]} h6 {[%emt 0:01:52]} 21. Nf3 {[%emt 0:00:31]} Bxf3 {[%emt 0:01:28]} 22. gxf3 {[%emt 0:00:08]} Nxe3 {[%emt 0:00:06]} 23. Qxe3 {[%emt 0:01:53]} cxd4 {[%emt 0:03:22]} 24. cxd4 {[%emt 0:00:42]} dxe5 {[%emt 0:00:14]} 25. dxe5 {[%emt 0:00:30]} Rd8 {[%emt 0:00:47]} 26. Rac1 Qb7 {[%emt 0:06:33]} 27. Ne2 {[%emt 0:05:58]} Nc5 {[%emt 0:00:27]} 28. Red1 {[%emt 0:02:08]} Rxd1+ {[%emt 0:04:28]} 29. Rxd1 {[%emt 0:00:00]} Rc8 {[%emt 0:00:09]} 30. Kg2 {[%emt 0:02:05]} Bf8 {[%emt 0:00:44]} 31. Nd4 {[%emt 0:02:39]} Rd8 {[%emt 0:01:56]} 32. Qe1 {[%emt 0:01:18]} Be7 {[%emt 0:02:18]} 33. Ne2 {[%emt 0:08:29]} Rg8 {[%emt 0:01:48]} 34. h4 {[%emt 0:01:22]} Kg7 {[%emt 0:02:49]} 35. Qc3 {[%emt 0:01:39]} Kf7 {[%emt 0:03:02]} 36. Kh3 {[%emt 0:01:07]} Qc7 {[%emt 0:04:43]} 37. Rd7 {[%emt 0:03:23]} Qc8 {[%emt 0:00:31]} 38. Rd1 {[%emt 0:01:15]} g5 {[%emt 0:00:41]} 39. Nd4 {[%emt 0:05:41]} g4+ {[%emt 0:02:34]} 40. Kh2 {[%emt 0:03:23]} gxf3 {[%emt 0:04:49]} 41. Nxf3 {[%emt 0:24:13]} Rg4 {[%emt 0:14:56]} 42. Qc4 {[%emt 0:02:49]} Qg8 {[%emt 0:04:07]} 43. Rg1 {[%emt 0:03:48]} Rxg1 {[%emt 0:03:36]} 44. Nxg1 {[%emt 0:00:06]} Qg4 {[%emt 0:00:25]} 45. Qf1 {[%emt 0:02:51]} Qxh4+ {[%emt 0:05:33]} 46. Nh3 {[%emt 0:00:18]} Ne4 {[%emt 0:02:33]} 47. Qf3 {[%emt 0:01:30]} Bc5 {[%emt 0:01:14]} 48. Kg2 {[%emt 0:01:39]} Qg4+ {[%emt 0:03:54]} 49. Qxg4 {[%emt 0:00:07]} fxg4 {[%emt 0:00:02]} 50. Ng1 {[%emt 0:00:06]} Bxg1 {[%emt 0:02:03]} 51. Kxg1 {[%emt 0:00:06]} Kg6 {[%emt 0:00:39]} 0-1